Geography Quiz

Random Geography or Blitz Quiz

Multi-Category Geography Blitz Quiz Stats

 Plays Quiz Updated Jan 31, 2016

Score 0/30 Timer 04:00
17 Plays Today
Hint Answer % Correct
Begins with PPerth
90.9%
Begins with PPoland
85.6%
Four Letter GeographyAlps
78.9%
Four Letter GeographyOslo
78.6%
Begins with PPretoria
76.8%
Country by National AirlineRussia
75.3%
Country by National AirlineAustralia
74.5%
Four Letter GeographyErie
71.1%
Four Letter GeographyIowa
69.1%
City by Metro Stop/LinesChicago
66.6%
City by Metro Stop/LinesLondon
63.7%
Country by National AirlineNetherlands
62.7%
Global Cities Below the EquatorBuenos Aires
58.5%
Country by National AirlineUAE
57.6%
Four Letter GeographyTogo
55.9%
Hint Answer % Correct
Country by National AirlineIsrael
55.4%
Begins with PPhilippines
52%
Country by Former CapitalSri Lanka
48.3%
Global Cities Below the EquatorCape Town
40.9%
Country by Former CapitalTanzania
38.1%
City by Metro Stop/LinesTokyo
35.9%
Global Cities Below the EquatorMontevideo
35%
Country by Former CapitalMyanmar
34.4%
Begins with PPark City
24.1%
City by Metro Stop/LinesBudapest
22.3%
Country by Former CapitalCôte d'Ivoire
21.7%
Global Cities Below the EquatorNairobi
21.1%
City by Metro Stop/LinesRome
20.3%
Global Cities Below the EquatorGuayaquil
13.8%
Country by Former CapitalPalau
12.4%

You're not logged in!

Compare scores with friends on all Sporcle quizzes.
OR
Log In

You Might Also Like...

Show Comments

Extras

Top Quizzes Today


Score Distribution

Your Account Isn't Verified!

In order to create a playlist on Sporcle, you need to verify the email address you used during registration. Go to your Sporcle Settings to finish the process.

Report this User

Report this user for behavior that violates our Community Guidelines.

Details: